Harrap's shorter dictionnaire. (Record no. 127818)
[ view plain ]
| 000 -LEADER | |
|---|---|
| fixed length control field | 01676cam a22003614a 4500 |
| 001 - CONTROL NUMBER | |
| control field | 14415873 |
| 003 - CONTROL NUMBER IDENTIFIER | |
| control field | ARRUPE |
| 005 - DATE AND TIME OF LATEST TRANSACTION | |
| control field | 20180327142449.0 |
| 008 - FIXED-LENGTH DATA ELEMENTS--GENERAL INFORMATION | |
| fixed length control field | 060616s2006 nyua d 000 0 eng |
| 010 ## - LIBRARY OF CONGRESS CONTROL NUMBER | |
| LC control number | 2006048207 |
| 015 ## - NATIONAL BIBLIOGRAPHY NUMBER | |
| National bibliography number | GBA528481 |
| Source | bnb |
| 016 7# - NATIONAL BIBLIOGRAPHIC AGENCY CONTROL NUMBER | |
| Record control number | 013169676 |
| Source | Uk |
| 020 ## - INTERNATIONAL STANDARD BOOK NUMBER | |
| International Standard Book Number | 9780071456654 (alk. paper) |
| 020 ## - INTERNATIONAL STANDARD BOOK NUMBER | |
| International Standard Book Number | 0071456651 (alk. paper) |
| 035 ## - SYSTEM CONTROL NUMBER | |
| System control number | (OCoLC)ocm58998679 |
| 040 ## - CATALOGING SOURCE | |
| Original cataloging agency | DLC |
| Transcribing agency | DLC |
| Modifying agency | IG# |
| -- | UKM |
| -- | BAKER |
| -- | GZM |
| -- | BTCTA |
| -- | YDXCP |
| -- | VP@ |
| -- | CDX |
| -- | SMP |
| -- | DLC |
| 041 0# - LANGUAGE CODE | |
| Language code of text/sound track or separate title | eng |
| -- | fre |
| 042 ## - AUTHENTICATION CODE | |
| Authentication code | pcc |
| 050 00 - LIBRARY OF CONGRESS CALL NUMBER | |
| Classification number | REF. PC2640 |
| Item number | .H32 2000 |
| 082 00 - DEWEY DECIMAL CLASSIFICATION NUMBER | |
| Classification number | 443/.21 |
| Edition number | 22 |
| 300 ## - PHYSICAL DESCRIPTION | |
| Dimensions | 27 cm. |
| 100 ## - MAIN ENTRY--PERSONAL NAME | |
| Personal name | Pilard, Georges |
| 9 (RLIN) | 41115 |
| 245 00 - TITLE STATEMENT | |
| Title | Harrap's shorter dictionnaire. |
| Remainder of title | Anglais-Francais/Francais-Anglais |
| Statement of responsibility, etc | Georges Pilard et al... |
| 250 ## - EDITION STATEMENT | |
| Edition statement | 6th. ed. |
| 260 ## - PUBLICATION, DISTRIBUTION, ETC. (IMPRINT) | |
| Place of publication, distribution, etc | Edinburgh : |
| Name of publisher, distributor, etc | Chambers Harrap Publishers |
| Date of publication, distribution, etc | c2000. |
| 300 ## - PHYSICAL DESCRIPTION | |
| Extent | xl, 1117p. ; , 990p. ; |
| 650 #0 - SUBJECT ADDED ENTRY--TOPICAL TERM | |
| Topical term or geographic name as entry element | French language |
| Form subdivision | Dictionaries |
| General subdivision | English. |
| 9 (RLIN) | 41116 |
| 650 #0 - SUBJECT ADDED ENTRY--TOPICAL TERM | |
| Topical term or geographic name as entry element | English language |
| Form subdivision | Dictionaries |
| General subdivision | French. |
| 9 (RLIN) | 41117 |
| 776 08 - ADDITIONAL PHYSICAL FORM ENTRY | |
| Display text | Online version: |
| Title | Harrap's French and English college dictionary. |
| Edition | 8th ed., Fully rev. ed. |
| Place, publisher, and date of publication | New York : McGraw-Hill, c2006 |
| Record control number | (OCoLC)607763295 |
| 906 ## - LOCAL DATA ELEMENT F, LDF (RLIN) | |
| a | 7 |
| b | cbc |
| c | orignew |
| d | 1 |
| e | ocip |
| f | 20 |
| g | y-gencatlg |
| 942 ## - ADDED ENTRY ELEMENTS (KOHA) | |
| Source of classification or shelving scheme | Library of Congress Classification |
| Koha item type | REFERENCE |
| Withdrawn status | Lost status | Source of classification or shelving scheme | Damaged status | Not for loan | Collection code | Home library | Current library | Shelving location | Date acquired | Total Checkouts | Full call number | Barcode | Date last seen | Price effective from | Koha item type |
|---|---|---|---|---|---|---|---|---|---|---|---|---|---|---|---|
| Library of Congress Classification | REFERENCE | ARRUPE LIBRARY | ARRUPE LIBRARY | REFERENCE | 27/03/2018 | REF. PC2640 .H32 2000 | 46600001947 | 27/03/2018 | 27/03/2018 | REFERENCE |